Psychodiagnosis : an introduction to the integration of tests in dynamic clinical practice /

It is "the task of psychodiagnosis to bridge the gap between diagnostic indications and implicit psychodynamic forces." The volume "emphasizes the concrete materials and operations of the clinical psychologist rather than the abstract principles that are implicit in his tools and his...

Full description

Bibliographic Details
Main Author: Rosenzweig, Saul, 1907-2004
Other Authors: Kogan, Kate Natlaie Levine, 1914-
Format: eBook
Language:English
Published: New York : Grune and Stratton, 1949.
Subjects:
Online Access:Connect to the full text of this electronic book

MARC

Tag First Indicator Second Indicator Subfields
LEADER 00000cam a2200000Ia 4500
001 in00003523933
005 20190407115750.0
006 m o d
007 cr |||||||||||
008 100819s1949 nyua ob 001 0 eng d
035 |a (OCoLC)ocn656837192 
035 |a (OCoLC)656837192 
040 |a VLB  |b eng  |c VLB  |d OCLCA  |d OCLCQ  |d OCLCO  |d OCLCF  |d OCLCO  |d UtOrBLW 
049 |a TXAM 
050 1 4 |a RC348  |b .R58 1949 
100 1 |a Rosenzweig, Saul,  |d 1907-2004. 
245 1 0 |a Psychodiagnosis :  |b an introduction to the integration of tests in dynamic clinical practice /  |c by Saul Rosenzweig ; with the collaboration of Kate Levine Kogan. 
264 1 |a New York :  |b Grune and Stratton,  |c 1949. 
300 |a 1 online resource (xii, 380 pages) :  |b illustrations. 
336 |a text  |b txt  |2 rdacontent 
337 |a computer  |b c  |2 rdamedia 
338 |a online resource  |b cr  |2 rdacarrier 
504 |a "General bibliography": pages 373-374. 
520 |a It is "the task of psychodiagnosis to bridge the gap between diagnostic indications and implicit psychodynamic forces." The volume "emphasizes the concrete materials and operations of the clinical psychologist rather than the abstract principles that are implicit in his tools and his work." A series of available instruments is described, each followed by brief illustrative protocols. The process of integrating psychological findings from several test procedures is presented in detail for 3 patients. A section of 8 representative case studies shows the importance of the "multiple approach to the complex unity of the person," stressing proper consideration of all available clinical data. The author discusses the practical implications of "clinical psychology as a psychodiagnostic art" and the need for further scientific research. (PsycINFO Database Record (c) 2004 APA, all rights reserved). 
588 |a Description based on print version record. 
500 |a Electronic resource. 
650 0 |a Psychiatry  |v Case studies. 
650 0 |a Clinical psychology. 
650 2 |a Mental Disorders  |x diagnosis. 
650 2 |a Psychology, Clinical. 
650 2 |a Psychological Tests  |x instrumentation. 
650 7 |a Clinical psychology.  |2 fast  |0 (OCoLC)fst00864407 
650 7 |a Psychiatry.  |2 fast  |0 (OCoLC)fst01081152 
655 7 |a Case studies.  |2 fast  |0 (OCoLC)fst01423765 
655 7 |a Electronic books.  |2 local 
700 1 |a Kogan, Kate Natlaie Levine,  |d 1914- 
730 0 |a PsycBOOKs. 
776 1 8 |i Print version:  |a Rosenzweig, Saul, 1907-  |t Psychodiagnosis : an introduction to the integration of tests in dynamic clinical practice.  |d New York : Grune & Stratton, 1949  |w (OCoLC)427005663 
856 4 0 |u http://proxy.library.tamu.edu/login?url=http://search.ebscohost.com/direct.asp?db=pzh&jid=194903761&scope=site  |z Connect to the full text of this electronic book  |t 0 
994 |a 92  |b TXA 
999 |a MARS 
999 f f |s 031f9707-dabf-3b08-b775-5de0963bb63e  |i 7edeaffb-c640-3b48-8fd6-dcb6f4497973  |t 0 
952 f f |a Texas A&M University  |b College Station  |c Electronic Resources  |d Available Online  |t 0  |e RC348 .R58 1949  |h Library of Congress classification 
998 f f |a RC348 .R58 1949  |t 0  |l Available Online